000 00819nam a2200229 a 4500
001 000047085
005 20201002053338.0
008 180416s2015 dr a 000 0 spa d
020 _a9789945192315
040 _aDO-SdBNP
_bspa
_cBNPHU
082 _axxx
_bV436L, 4to., 2015
100 1 _aVélez Orsatelli , Selmira
_974903
245 1 0 _aLengua española 4 :
_beducación primaria.
260 _aSanto Domingo :
_bSantillana,
_c2015.
300 _a175p. :
_bil. ;
_c29 cm.
500 _aActualización según el nuevo diseño curricular oficial
500 _ala biblioteca posee solamente Guía didáctica. Recursos didácticos para el docente
590 _aInventariado, 2018/MFF
700 1 _aGonzález Gutiérrez, Mirtha
_965096
700 1 _aLibre, Claudia,
_eed.
_930469
700 1 _aNúñez, Ruddy,
_eil.
_923171
999 _c46573
_d46573